000 00597nam a2200217 i 4500
001 C2-0139141
003 PPAK
005 20180727124628.0
008 971221s1984 my |||| ||||| | eng d
040 _aPPAK
_beng
_cPPAK
_erda
082 0 4 _a899.23
_223
090 0 0 _a899.23
_bTEM
_dKK
245 0 0 _aTemu sastera dailog utara II (1984 : Medan)
264 1 _aMedan, Indonesia :
_b[publisher not identified] ,
_c1984
300 _ajil. ;
_c35 cm
336 _2rdacontent
_atext
337 _2rdamedia
_aunmediated
338 _2rdacarrier
_avolume
650 1 0 _aMalay literature
942 _ddc
_cB
999 _c43418
_d43418